Návrh ukazovateľov a metód hodnotenia vplyvu zamestnancov na ekonomické výsledky podniku SLOVKORD Plus a.s.

Gespeichert in:
Bibliographische Detailangaben
1. Verfasser: Hrbková, Veronika (Verfasst von)
Weitere Verfasser: Šnircová, Jana (Betreuung Doktorarbeit)
Format: Manuskript Buch
Sprache:Slowakisch
Veröffentlicht: 2016
Schlagworte:
Online-Zugang:http://is.stuba.sk/zp/portal_zp.pl?podrobnosti=129119
Tags: Tag hinzufügen
Keine Tags, Fügen Sie das erste Tag hinzu!

MARC

LEADER 00000ntm a22000003a 4500
001 stuzp56390
003 SK-STU
005 20160719155002.0
007 ta
008 150427s2015----xo-----f-mn---000-0-slo-d
040 |a STU  |b slo 
041 0 |a slo 
100 1 |a Hrbková, Veronika  |u 064000  |4 aut  |U MTF Materiálovotechnologická fakulta  |T MTF Ústav priemyselného inžinierstva a manažmentu  |X 71870  |U M4000  |Y 84  |7 71870 
242 0 1 |a Indicators and evaluation methods suggestion of employees influence on SLOVKORD Plus, a.s company economic results  |y eng 
245 1 0 |a Návrh ukazovateľov a metód hodnotenia vplyvu zamestnancov na ekonomické výsledky podniku SLOVKORD Plus a.s. 
260 |c 2016 
650 4 |a ľudské zdroje  |2 slo 
650 4 |a sústava finančných pomerových ukazovateľov  |2 slo 
650 4 |a odmeňovanie zamestnancov  |2 slo 
650 4 |a finančno - ekonomická analýza  |2 slo 
650 4 |a human resources  |2 eng 
650 4 |a system of financial ratio indicators  |2 eng 
650 4 |a financial-economic analysis  |2 eng 
650 4 |a remuneration of employees  |2 eng 
700 1 |a Šnircová, Jana  |u 064000  |k Z1  |4 ths  |U MTF Materiálovotechnologická fakulta  |T MTF Ústav priemyselného inžinierstva a manažmentu  |X 57371  |U M4000  |Y 84  |7 A000057371 
856 4 |u http://is.stuba.sk/zp/portal_zp.pl?podrobnosti=129119 
996 |c M* BP-7839  |l MMSKP  |s P  |a 0  |w stuzp56390_0001 
SQL |a stuzp56390  |b DBP  |c SLO  |d Návrh ukazovateľov a metód hodnotenia vplyvu zamestnancov na ekonomické výsledky podniku SLOVKORD Plus a.s.  |e 71870  |f Hrbková, Veronika  |g 064000  |h 57371  |i Šnircová, Jana  |j 20160620  |k 175  |l 06  |m http://is.stuba.sk/zp/portal_zp.pl?podrobnosti=129119  |n B-PMA  |o 5.2.52. priemyselné inžinierstvo